Normal view MARC view
  • Highway planning

Entry Topical Term

Number of records used in: 4

001 - CONTROL NUMBER

  • control field: 21432

003 - CONTROL NUMBER IDENTIFIER

  • control field: NUST

005 - DATE AND TIME OF LATEST TRANSACTION

  • control field: 20190925162839.0

008 - FIXED-LENGTH DATA ELEMENTS

  • fixed length control field: 190925|| aca||aabn | a|a d

040 ## - CATALOGING SOURCE

  • Original cataloging agency: NUST
  • Transcribing agency: NUST

150 ## - HEADING--TOPICAL TERM

  • Topical term or geographic name entry element: Highway planning
  • Geographic subdivision: United States.

670 ## - SOURCE DATA FOUND

  • Source citation: Work cat.: (NUST)0: Transportation needs studies and financial constraints., 1980.
© 2023 Central Library, National University of Sciences and Technology. All Rights Reserved.